00605nam a2200157Ia 4500008004100000020001800041050002500059245007400084260004100158300001900199500003300218650006800251700000900319952010200328999001700430120721s9999 xx 000 0 und d a970-640-135-0 aPQ7797.B635 J91 1999 aJuego de espejos : visión multidisciplinaria / El Colegio Nacional, aMéxico : El Colegio Nacional, 1999 a78 p. ; 17 cm. aHomenaje a Jorge Luis Borges a1. Borges, Jorge Luis, 1899-1986 - Crítica e interpretación aoÌ 00104070a08b08d2010-10-05l0oPQ7797.B635 J91 1999p08 003743r2012-07-20t1w2012-07-20yLB c82806d82806